LIBRARY & INFORMATION CENTRE, KCAET, TAVANUR

ONLINE PUBLIC ACCESS CATALOGUE (OPAC)

Matter and light the new physics / (Record no. 10075)

MARC details
000 -LEADER
fixed length control field 00415cam a2200169ua 4500
041 ## - LANGUAGE CODE
Language code of text/sound track or separate title eng
082 ## - DEWEY DECIMAL CLASSIFICATION NUMBER
Classification number 539.7
Item number BRO/MAT
100 ## - MAIN ENTRY--AUTHOR NAME
Personal name Broglie, Louis De .
245 ## - TITLE STATEMENT
Title Matter and light the new physics /
260 ## - PUBLICATION, DISTRIBUTION, ETC. (IMPRINT)
Place of publication :
Name of publisher Johnston W H ,
Year of publication 1937.
300 ## - PHYSICAL DESCRIPTION
Number of Pages 315 ; .
942 ## - ADDED ENTRY ELEMENTS (KOHA)
Koha item type Books
Holdings
Withdrawn status Lost status Damaged status Home library Current library Date acquired Full call number Accession Number Koha item type
      KAUAET KAUAET 07/04/2012 539.7 BRO/MA 5571 Books
free website counter